Recent developments in geophysical techniques for the rapid location of near-surface anomalous ground conditions (Record no. 9802)
[ view plain ]
| 000 -LEADER | |
|---|---|
| fixed length control field | 00654cab a2200193 4500 |
| 001 - CONTROL NUMBER | |
| control field | MEN3 |
| 008 - FIXED-LENGTH DATA ELEMENTS--GENERAL INFORMATION | |
| fixed length control field | 090401t1981 xxu||||| |||| 00| 0 eng d |
| 035 ## - SYSTEM CONTROL NUMBER | |
| System control number | (Sirsi) u15012 |
| 041 ## - LANGUAGE CODE | |
| Language code of text/sound track or separate title | eng |
| 100 ## - MAIN ENTRY--PERSONAL NAME | |
| Personal name | McDowell, P. |
| 245 ## - TITLE STATEMENT | |
| Title | Recent developments in geophysical techniques for the rapid location of near-surface anomalous ground conditions |
| 260 ## - PUBLICATION, DISTRIBUTION, ETC. | |
| Date of publication, distribution, etc. | 1981 |
| 350 ## - PRICE (NR) (BK AM CF MU VM SE) [OBSOLETE] | |
| Price | 0 |
| 490 ## - SERIES STATEMENT | |
| Series statement | Ground Engineering |
| Volume/sequential designation | April 1981, 20-23(4) |
| 520 ## - SUMMARY, ETC. | |
| Summary, etc. | Citation from CSM article `Detecting mineshafts using geophysical techniques` CSM:M 3(1) September 1993, 4-6. Stored on gallery. |
| 690 ## - LOCAL SUBJECT ADDED ENTRY--TOPICAL TERM (OCLC, RLIN) | |
| Topical term or geographic name as entry element | MINING AND MINERALS |
| 942 ## - ADDED ENTRY ELEMENTS (KOHA) | |
| Suppress in OPAC | 0 |
| 948 ## - LOCAL PROCESSING INFORMATION (OCLC); SERIES PART DESIGNATOR (RLIN) | |
| c (OCLC) | 04/03/1997 |
| Withdrawn status | Lost status | Source of classification or shelving scheme | Damaged status | Not for loan | Home library | Current library | Shelving location | Date acquired | Total Checkouts | Full call number | Barcode | Date last seen | Copy number | Price effective from | Koha item type |
|---|---|---|---|---|---|---|---|---|---|---|---|---|---|---|---|
| Dewey Decimal Classification | London | London | Journal article | 14/09/1999 | MEN3 | 15012-1001 | 06/08/2019 | 1 | 06/08/2019 | Journal article |